[Event "Livingstone FIDE zt 4.3"]
[Site "Livingstone"]
[Date "2017.06.15"]
[Round "7"]
[White "Dimba, James"]
[Black "Katowa, Kennedy"]
[Result "0-1"]
[WhiteElo "2086"]
[BlackElo "2092"]
[PlyCount "72"]
[EventDate "2017.06.10"]
[EventType "swiss"]
[EventRounds "9"]
[EventCountry "ZAM"]
[SourceTitle "EXT 2020"]
[Source "ChessBase"]
[SourceDate "2019.10.17"]
[SourceVersion "1"]
[SourceVersionDate "2019.10.17"]
[SourceQuality "1"]

1. e4 e5 2. Nf3 Nc6 3. Bb5 a6 4. Ba4 Nf6 5. 0-0 b5 6. Bb3 Bc5 7. c3 d6 8. d4 Bb6 9. a4 Rb8 10. axb5 axb5 11. Bg5 h6 12. Bh4 Qe7 13. Bd5 Nd8 14. Bxf6 Qxf6 15. Qd3 c6 16. Bb3 0-0 17. Nbd2 Ne6 18. dxe5 dxe5 19. Qd6 Bc7 20. Qxc6 Rb6 21. Qa8 Nf4 22. Qa2 Qg6 23. g3 Rf6 24. Kh1 Bh3 25. Nh4 Qg5 26. Ndf3 Qh5 27. gxf4 Bxf1 28. Rxf1 Rxf4 29. Bd1 Rxh4 30. Nxh4 Qxh4 31. Bf3 Rd8 32. Qa7 Qf6 33. Bh5 Bb6 34. Qb7 g6 35. Bg4 Rd2 36. f3 Qf4 0-1

[Event "Livingstone FIDE zt 4.3"]
[Site "Livingstone"]
[Date "2017.06.14"]
[Round "6"]
[White "Katowa, Kennedy"]
[Black "Bezuidenhout, Roland Reinhold"]
[Result "1-0"]
[WhiteElo "2092"]
[BlackElo "2076"]
[PlyCount "83"]
[EventDate "2017.06.10"]
[EventType "swiss"]
[EventRounds "9"]
[EventCountry "ZAM"]
[SourceTitle "EXT 2020"]
[Source "ChessBase"]
[SourceDate "2019.10.17"]
[SourceVersion "1"]
[SourceVersionDate "2019.10.17"]
[SourceQuality "1"]

1. d4 Nf6 2. Nf3 b6 3. g3 Bb7 4. Bg2 c5 5. c4 cxd4 6. Qxd4 e6 7. 0-0 Nc6 8. Qd1 d5 9. cxd5 Nxd5 10. Qa4 Qe7 11. a3 a6 12. Bg5 f6 13. Bd2 b5 14. Qb3 Qf7 15. e4 Nb6 16. e5 Nc4 17. exf6 gxf6 18. Bc3 Be7 19. Nbd2 Nxd2 20. Bxd2 e5 21. Qe3 0-0 22. Rac1 Rac8 23. Rfd1 Ba8 24. Qb6 e4 25. Nh4 Bd8 26. Qxa6 Bb7 27. Qxb5 Nd4 28. Qf1 Qe6 29. Rxc8 Bxc8 30. Bb4 Ba6 31. Qe1 Ne2+ 32. Kh1 Re8 33. Rd2 Qg4 34. Rd6 Bd3 35. Qd2 Be7 36. Rd5 Rc8 37. Bc3 Nxc3 38. bxc3 Rxc3 39. Nf5 Bf8 40. h3 e3 41. Nxe3 Qc8 42. Rxd3 1-0

[Event "Livingstone FIDE zt 4.3"]
[Site "Livingstone"]
[Date "2017.06.11"]
[Round "2"]
[White "Chumfwa, Kelvin"]
[Black "Katowa, Kennedy"]
[Result "1-0"]
[WhiteElo "2189"]
[BlackElo "2092"]
[PlyCount "99"]
[EventDate "2017.06.10"]
[EventType "swiss"]
[EventRounds "9"]
[EventCountry "ZAM"]
[SourceTitle "EXT 2020"]
[Source "ChessBase"]
[SourceDate "2019.10.17"]
[SourceVersion "1"]
[SourceVersionDate "2019.10.17"]
[SourceQuality "1"]

1. Nf3 Nf6 2. c4 c5 3. Nc3 Nc6 4. d4 cxd4 5. Nxd4 d6 6. g3 Bd7 7. Bg2 Rc8 8. Nc2 g6 9. 0-0 Bg7 10. Rb1 0-0 11. Bg5 h6 12. Bd2 Ne5 13. b3 Bc6 14. e4 a6 15. Nb4 Bd7 16. h3 Kh7 17. Qe2 Rb8 18. Kh2 Nc6 19. Nc2 Qc8 20. Rbc1 Qd8 21. Be3 Qa5 22. Nd5 b5 23. a3 bxc4 24. b4 Qb5 25. f4 e6 26. Nb6 Ne7 27. a4 Qc6 28. a5 Qc7 29. Na3 Bc6 30. Qxc4 Qb7 31. b5 axb5 32. Nxb5 d5 33. Qe2 Qa6 34. Nd4 Qxe2 35. Nxe2 Bb5 36. Rfe1 Nxe4 37. g4 Nc8 38. Bxe4 dxe4 39. Ng3 f5 40. Rc7 Rd8 41. gxf5 exf5 42. Nxf5 gxf5 43. Rg1 Bd7 44. Nxd7 Rb2+ 45. Kh1 Kh8 46. Rxg7 Kxg7 47. Bd4+ Kg6 48. Bxb2 Nd6 49. Rc6 Rxd7 50. Be5 1-0

[Event "ZAM-ch op"]
[Site "Lusaka"]
[Date "2017.03.31"]
[Round "5"]
[White "Simulundu, Judah"]
[Black "Katowa, Kennedy"]
[Result "1-0"]
[WhiteElo "2115"]
[BlackElo "2146"]
[PlyCount "105"]
[EventDate "2017.03.29"]
[EventType "swiss"]
[EventRounds "9"]
[EventCountry "ZAM"]
[SourceTitle "EXT 2018"]
[Source "ChessBase"]
[SourceDate "2017.10.13"]
[SourceVersion "1"]
[SourceVersionDate "2017.10.13"]
[SourceQuality "1"]

1. e4 e5 2. Nf3 Nc6 3. Bb5 f5 4. d3 fxe4 5. dxe4 Nf6 6. Nc3 d6 7. h3 Be6 8. Ng5 Bg8 9. f4 Be7 10. 0-0 a6 11. Bxc6+ bxc6 12. fxe5 dxe5 13. Qe2 Bc5+ 14. Kh2 Qe7 15. Bd2 Bd6 16. Kg1 h6 17. Nf3 Be6 18. Nh4 Bc5+ 19. Kh1 Qf7 20. b3 0-0 21. Kh2 Kh7 22. Na4 Bd6 23. c4 Qe7 24. Nf5 Bxf5 25. Rxf5 Nd7 26. Raf1 Rxf5 27. Rxf5 Rf8 28. Qf2 Rf6 29. Be3 Qe6 30. c5 Be7 31. g4 g6 32. Rxf6 Nxf6 33. Nc3 Kg7 34. Qd2 Kf7 35. Qf2 Kg7 36. Qd2 h5 37. gxh5 Nxh5 38. Qf2 Qd7 39. Qf1 a5 40. Qd1 Qe8 41. Qg4 Kf7 42. Qe2 Qd7 43. Qd1 Qe6 44. Qg4 Qf6 45. Kg2 Kg7 46. Ne2 Kf7 47. Qf3 Ke6 48. Qxf6+ Nxf6 49. Nc3 Nh5 50. Ne2 g5 51. Kf3 Nf4 52. Nxf4+ exf4 53. Bd2 1-0

[Event "ZAM-ch op"]
[Site "Lusaka"]
[Date "2017.03.29"]
[Round "2"]
[White "Katowa, Kennedy"]
[Black "Kameya, Robson"]
[Result "1/2-1/2"]
[WhiteElo "2146"]
[BlackElo "2122"]
[PlyCount "62"]
[EventDate "2017.03.29"]
[EventType "swiss"]
[EventRounds "9"]
[EventCountry "ZAM"]
[SourceTitle "EXT 2018"]
[Source "ChessBase"]
[SourceDate "2017.10.13"]
[SourceVersion "1"]
[SourceVersionDate "2017.10.13"]
[SourceQuality "1"]

1. d4 Nf6 2. Nf3 e6 3. c4 c5 4. Nc3 d5 5. e3 Nc6 6. cxd5 Nxd5 7. Bb5 Nxc3 8. bxc3 Qa5 9. Qb3 Bd7 10. 0-0 a6 11. Bxc6 Bxc6 12. Ne5 Qb5 13. c4 Qxb3 14. axb3 Be4 15. Rd1 f6 16. Nd3 Rd8 17. Bb2 cxd4 18. exd4 Bd6 19. f3 Bg6 20. Kf2 h5 21. h4 Kf7 22. Bc3 Rd7 23. Ke3 Rhd8 24. Ba5 Rc8 25. Be1 Rcd8 26. Ra2 Bf5 27. Ba5 Rc8 28. f4 Bg4 29. Rdd2 Bf5 30. Nf2 Rg8 31. Ne4 Be7 1/2-1/2

[Event "ZAM-ch"]
[Site "Lusaka"]
[Date "2017.02.11"]
[Round "6"]
[White "Musonda, Elias"]
[Black "Katowa, Kennedy"]
[Result "0-1"]
[WhiteElo "1943"]
[BlackElo "2114"]
[PlyCount "110"]
[EventDate "2017.02.09"]
[EventType "tourn"]
[EventRounds "9"]
[EventCountry "ZAM"]
[SourceTitle "CBM 176 Extra"]
[Source "ChessBase"]
[SourceDate "2017.03.02"]
[SourceVersion "1"]
[SourceVersionDate "2017.03.02"]
[SourceQuality "1"]

1. e4 e5 2. Nf3 Nf6 3. Bc4 Bc5 4. 0-0 Nc6 5. c3 Nxe4 6. d4 d5 7. Bb5 exd4 8. cxd4 Bb6 9. h3 0-0 10. Nc3 h6 11. Re1 Re8 12. Bxc6 bxc6 13. Ne5 Rxe5 14. dxe5 Bxf2+ 15. Kh2 Bxe1 16. Qxe1 Qe7 17. Nxe4 Qxe5+ 18. Qg3 Qxe4 19. Qxc7 Qe8 20. Bf4 Qd7 21. Qa5 Bb7 22. Re1 a6 23. Qb4 a5 24. Qc5 Re8 25. Rxe8+ Qxe8 26. Qxa5 Qe4 27. Bg3 c5 28. Qe1 Qa4 29. Qe7 Qc6 30. Qc7 Qb5 31. Be5 d4 32. Qd8+ Kh7 33. Qf8 f6 34. Bxf6 Qd7 35. Be5 d3 36. Bc3 d2 37. Bxd2 Qxd2 38. Qf5+ Kg8 39. Qe6+ Kf8 40. Qf5+ Ke8 41. Qe5+ Kd8 42. Qxg7 Qf4+ 43. Kh1 Kc8 44. a3 Be4 45. Qg8+ Kc7 46. Qg7+ Kb6 47. Kg1 Kb5 48. Kh1 Bc6 49. Qg8 Qe4 50. Kh2 Ka4 51. Qg7 Kb3 52. Qc3+ Ka2 53. Qd2 Qe5+ 54. Kg1 Qxb2 55. Qxb2+ Kxb2 0-1